[Alexander Kratochvil: Aufbruch und Rückkehr]
| Titel: | [Alexander Kratochvil: Aufbruch und Rückkehr] / Stefan Simonek |
|---|---|
| Verfasser: | |
| In: |
Zeitschrift für slavische Philologie, Band 70, Heft 1 (2014), Seite 227-234 alle Artikel anzeigen |
| Veröffentlicht: | 2014 |
| Format: | Aufsatz |
| Sprache: | Deutsch |
X
alg: 42653102 001A $03025:19-02-18 001B $01999:27-07-21 $t17:20:04.000 001C $03025:19-02-18 $t16:12:16.000 001D $03025:19-02-18 001U $0utf8 001X $00 002@ $0Oou 002C $aText $btxt $2rdacontent 002D $aComputermedien $bc $2rdamedia 002E $aOnline-Ressource $bcr $2rdacarrier 003@ $0426531027 007A $0426531027 $aHEB 009Q $uhttp://www.jstor.org/stable/43974249 $xH 010@ $ager 010E $erda 011@ $a2014 013D $#Newspapers Sections, columns, etc. Reviews $#Book reviewing $#Journaux Cahiers, chroniques, etc. Comptes rendus $#Livres Recension $#Rezension $#Buchbesprechung $#Buchrezension $#Buchkritik $74049712-4 $8Rezension [Ts1] $9085138568 021A $a[Alexander Kratochvil: Aufbruch und Rückkehr] $hStefan Simonek 028A $BVerfasser $4aut $7124074553 $8Simonek, Stefan$Z1964- [Tp3] $9154839361 031A $d70 $e1 $h227-234 $j2014 039B $aEnthalten in $8--Obvc--. Zeitschrift für slavische Philologie. - Heidelberg : Winter, 1925-. - Online-Ressource. - ISSN 2509-7482 $x201400000700001773 $9359201768 039T $8--Aax--Kratochvil, Alexander$Z1965- [Tp1]. Aufbruch und Rückkehr. - Berlin : Kulturverl. Kadmos, 2013. - 311 S.. - ISBN 978-3-86599-185-0 $9336398999 045F $a900.94371 $eDDC23BSB 045F/01 $a900 045F/03 $g4371 045T $aSLAW $qDE-1a $2FID lok: 42653102 78 exp: 42653102 78 1 #EPN 201B/01 $019-02-18 $t16:12:16.000 201C/01 $019-02-18 201U/01 $0utf8 203@/01 $01018301178 208@/01 $a19-02-18 $be 209A/01 $a/ $f000 $x00 209A/01 $ab*p $x01 220C/01 $apgar 244Z/01 $#Böhmische Kronländer $#Länder der Böhmischen Krone $#Sudetenland $#Böhmen $#Mähren $#Mährisch-Schlesien $#Österreichisch-Schlesien $#Tschechische Sozialistische Republik Böhmische Länder $#Tschechei Böhmische Länder $#Země koruny české $74069573-6 $8--Tg1--Böhmische Länder $x01 $9085195553 247C/01 $82080>Marburg/Lahn, Herder-Institut, Forschungsbibliothek, Bibliographieportal $9336309341
| LEADER | 00000caa a2200000 c 4500 | ||
|---|---|---|---|
| 001 | 426531027 | ||
| 003 | DE-603 | ||
| 005 | 20210727172004.0 | ||
| 007 | cr|||||||||||| | ||
| 008 | 180219s2014 xx |||| o| u00||u|ger c | ||
| 035 | |a (DE-599)HEB426531027 | ||
| 040 | |a DE-603 |b ger |c DE-603 |d DE-603 |e rda | ||
| 041 | |a ger | ||
| 082 | 0 | 4 | |8 1\u |a 900.94371 |q DE-101 |2 23/BSB |
| 084 | |a SLAW |q DE-1a |2 fid | ||
| 085 | |8 1\u |b 900 | ||
| 085 | |8 1\u |z 2 |s 4371 | ||
| 100 | 1 | |a Simonek, Stefan |d 1964- |e Verfasser |4 aut |0 (DE-603)154839361 |0 (DE-588)124074553 |2 gnd | |
| 245 | 0 | 0 | |a [Alexander Kratochvil: Aufbruch und Rückkehr] |c Stefan Simonek |
| 264 | 0 | |c 2014 | |
| 336 | |a Text |b txt |2 rdacontent | ||
| 337 | |a Computermedien |b c |2 rdamedia | ||
| 338 | |a Online-Ressource |b cr |2 rdacarrier | ||
| 655 | 7 | |a Rezension |2 gnd-content |0 (DE-588)4049712-4 |0 (DE-603)085138568 | |
| 773 | 0 | 8 | |i Enthalten in |t Zeitschrift für slavische Philologie |d Heidelberg : Winter, 1925- |h Online-Ressource |x 2509-7482 |g Band 70, Heft 1 (2014), Seite 227-234 |w (DE-603)359201768 |w (DE-600)2821808-5 |
| 787 | 0 | 8 | |i Rezension von |a Kratochvil, Alexander, 1965- |t Aufbruch und Rückkehr |d Berlin : Kulturverl. Kadmos, 2013 |h 311 S., 23 cm |z 9783865991850 |z 3865991858 |w (DE-603)336398999 |
| 856 | |u http://www.jstor.org/stable/43974249 |x Verlag | ||
| 924 | 1 | |9 2080 |a (DE-603)1018301178 |b DE-2080 |c HES |d d |g / | |


